Statistics for Largest Municipalities in BELGIUM by First Letter

Click here to take the quiz!

General Stats

  • This quiz has been taken 96 times
  • The average score is 12 of 25

Answer Stats

LetterPopulationMUNICIPALITY% Correct
A517,042Antwerp
99%
B178,552Brussels
98%
G257,029Ghent
91%
C202,182Charleroi
88%
L196,970Liege
86%
N110,632Namur
79%
O70,600Ostend
69%
H76,685Hasselt
63%
K75,506Kortrijk
54%
M*96,586Molenbeek-Saint-Jean
48%
Y34,959Ypres
44%
I*85,541Ixelles
40%
S132,590Schaerbeek
35%
R60,999Roeselare
32%
T69,471Tournai
32%
U81,944Uccle
30%
V55,177Verviers
28%
W*54,311Woluwe-Saint-Lambert
27%
F*55,613Forest
26%
J51,426Jette
26%
D45,367Dendermonde
23%
E47,180Etterbeek
22%
Z33,034Zaventem
19%
Q19,086Quaregnon
10%
P19,755Poperinge
7%

Score Distribution

Percentile by Number Answered

Percent of People with Each Score

Your Score History

You have not taken this quiz